Online
Catalog

Paternidad responsable / (Record no. 19085)

MARC details
000 -CABECERA
campo de control de longitud fija 00825nam a2200241 a 4500
001 - NÚMERO DE CONTROL
campo de control 000019569
005 - FECHA Y HORA DE LA ÚLTIMA TRANSACCIÓN
campo de control 20200929170048.0
008 - DATOS DE LONGITUD FIJA--INFORMACIÓN GENERAL
campo de control de longitud fija 100630s1972 mx a 000 0 spa d
040 ## - FUENTE DE LA CATALOGACIÓN
Centro catalogador/agencia de origen DO-SdBNP
Lengua de catalogación spa
Centro/agencia transcriptor BNPHU
041 17 - CÓDIGO DE LENGUA
Código de lengua del texto/banda sonora o título independiente spa
Código de lengua original eng
Fuente del código Código de idioma MARC
082 ## - NÚMERO DE LA CLASIFICACIÓN DECIMAL DEWEY
Número de clasificación 301.0175
Número de documento/Ítem R451p
049 ## - FONDOS LOCALES (OCLC)
Fondos de biblioteca BNGR
100 1# - ENTRADA PRINCIPAL--NOMBRE DE PERSONA
Nombre de persona Revelle, Roger,
9 (RLIN) 41980
240 10 - TÍTULO UNIFORME
Título uniforme Rapid population growth.
Lenguaje de la obra Español.
245 10 - MENCIÓN DE TÍTULO
Título Paternidad responsable /
Mención de responsabilidad, etc. Roger Revelle [et al.] ...
260 ## - PUBLICACIÓN, DISTRIBUCIÓN, ETC.
Lugar de publicación, distribución, etc. México :
Nombre del editor, distribuidor, etc. Asociados,
Fecha de publicación, distribución, etc. 1972.
300 ## - DESCRIPCIÓN FÍSICA
Extensión 216 p. :
Otras características físicas il. ;
Dimensiones 20 cm.
490 1# - MENCIÓN DE SERIE
Mención de serie Actualidad políticosocial
534 ## - NOTA SOBRE LA VERSIÓN ORIGINAL
Frase introductoria Título original en inglés:
Mención de título del original Rapid population growth.
Publicación, distribución, etc. del original Baltimore : The Johns Hopkins, 1971
500 ## - NOTA GENERAL
Nota general Incluye índice
650 #4 - PUNTO DE ACCESO ADICIONAL DE MATERIA--TÉRMINO DE MATERIA
Término de materia o nombre geográfico como elemento de entrada Paternidad (psicología)
9 (RLIN) 41981
830 #0 - PUNTO DE ACCESO ADICIONAL DE SERIE-TÍTULO UNIFORME
Título uniforme Actualidad políticosocial.
9 (RLIN) 41982
Holdings
Estado de retiro Estado de pérdida Restricciones de uso No para préstamo Código de colección Localización permanente Ubicación/localización actual Ubicación en estantería Fecha de adquisición Número de inventario Total de préstamos Signatura topográfica completa Código de barras Fecha visto por última vez Precio válido a partir de Tipo de ítem Koha
        Monografías: Libros y Folletos General General En catalogación 30.06.2010 LF1   301.0175 R451p 19569-10 25.06.2020 25.06.2020 Préstamo en sala

Powered by Koha